000 00560nam a2200169Ia 4500
008 090201s9999 xx 000 0 und d
010 _aKPL-26552
040 _bमराठी
041 _aमराठी
082 _a22466
_b26552
100 _aअशोक शहाणे
245 _aघरंदाजांच्या गोष्टी
_cअशोक शहाणे
260 _c2004
_bअमय प्रकाशन
300 _a174
_bलहान
600 _aघरंदाजांच्या गोष्टी
942 _cBOOK
999 _c221994
_d221994